Statistics for Rivers by Country

Click here to take the quiz!

General Stats

  • This quiz has been taken 1,274 times
    (1,273 since last reset)
  • The average score is 12 of 16

Answer Stats

River Country % Correct
Yangtze River - 3915 milesChina
99%
Nile - 4135 milesEgypt
98%
Amazon - 3980 milesBrazil
97%
Missouri River - 2540 milesUnited States of America
95%
Volga River - 2290 milesRussia
94%
Rio Grande - 1885 milesMexico
93%
Loire River - 629 milesFrance
93%
Murray River - 1476 milesAustralia
87%
River Severn - 220 milesUnited Kingdom
78%
Shinano River - 228 milesJapan
77%
River Shannon - 240 milesIreland
74%
Vistula River - 651 milesPoland
63%
Waikato River - 264 milesNew Zealand
45%
Zhuoshui River - 115 milesTaiwan
31%
Loa River - 273 milesChile
20%
Guden - 99 milesDenmark
19%

Score Distribution

Percentile by Number Answered

Percent of People with Each Score

Your Score History

You have not taken this quiz since the last reset